000 00689nam a2200205Ii 4500
003 JO-AjNU
008 230605s9999||||xx |||||||||||||| ||und||
017 _a1999/9/1615
040 _aJO-AjNU
_bara
_erda
_cJO-AjNU
041 _aara
050 1 4 _aRA41050.H5723 1999
100 3 _aحرز الله، محمود ، م. مشارك مها ابو ياسين ,
_eauthor
_947042
245 0 0 _aعلم الامراض والطب الشرعي
264 3 1 _aعمان ، دار زهران ،1999
300 _a470ص
336 _atext
_btxt
_2rdacontent
337 _aunmediated
_bn
_2rdamedia
338 _avolume
_bnc
_2rdacarrier
650 4 _aالطب الشرعي-علم الامراض
_947043
999 _aA20508
_c24076
_d24076